[Event "Cto. Autonómico por Equipos 2007"]
[Site "Aragón"]
[Date "2007.02.03"]
[Round "2.54"]
[White "Guetas Sanchez Hugo"]
[Black "Labrador FM"]
[Result "1-0"]
[WhiteElo "2085"]
[BlackElo "2005"]

1.e4 c5 2.Nc3 Nc6 3.g3 d6 4.Bg2 Nf6 5.Nge2 e6 6.d4 cxd4 7.Nxd4 Bd7 8.O-O Be7
9.Bg5 Nxd4 10.Qxd4 Qb6 11.Qd3 O-O 12.e5 Qxb2 13.exf6 gxf6 14.Rab1 Qa3 15.Bc1
Qa5 16.Rxb7 Rac8 17.Bd2 Rfd8 18.Nd5 1-0

[Event "Cto. Autonómico por Equipos 2007"]
[Site "Aragón"]
[Date "2007.02.03"]
[Round "2.55"]
[White "Martin Barbero Roberto"]
[Black "Escuer Sanchez Nestor"]
[Result "1/2-1/2"]
[WhiteElo "1959"]
[BlackElo "2061"]

1.Nf3 e6 2.g3 Nf6 3.Bg2 d5 4.O-O Be7 5.d4 O-O 6.Nbd2 Nbd7 7.Re1 c5 8.c3 b6 9.
Ne5 Bb7 10.Nxd7 Qxd7 11.Nf3 cxd4 12.cxd4 Ne4 13.Ne5 Qb5 14.f3 Nf6 15.Nd3 Rfd8
16.Be3 Rac8 17.Qd2 Ne8 18.Rac1 Nd6 19.b3 Nf5 20.Bf2 Ba3 21.Rxc8 Rxc8 22.e4 Ne7
23.h4 Qc6 24.Ne5 Qc2 25.Qf4 f6 26.Ng4 Ng6 27.Qe3 Rc3 28.Qe2 Qxe2 29.Rxe2 Ba6
30.Re1 Kf7 31.exd5 exd5 32.Ne3 Ne7 33.f4 Bb7 34.h5 Rc1 35.Rxc1 Bxc1 36.Nd1 Ke6
37.Bh3+ Kd6 38.Kf1 Ba6+ 39.Ke1 Nc6 40.Bf5 h6 41.Nc3 Ba3 42.Kd1 Bb4 43.Kc2 Ne7
44.Bg4 Bf1 45.Nb1 Kc6 46.a3 Bd6 47.Nd2 Bg2 48.b4 f5 49.Be2 Be4+ 50.Kb3 b5 51.
Nf3 a6 52.Ne5+ Kb6 53.Nd7+ Kc7 54.Nc5 Kb6 55.Ne6 g6 56.hxg6 Nxg6 57.Bh5 Ne7
58.Nd8 Nc6 59.Nf7 Bf8 60.Ne5 Bd6 61.Be8 Nd8 62.Be3 Kc7 63.Bh5 1/2-1/2

[Event "Cto. Autonómico por Equipos 2007"]
[Site "Aragón"]
[Date "2007.02.03"]
[Round "2.56"]
[White "Andreu Sin Raul"]
[Black "Requena Briones Rafael"]
[Result "1-0"]
[WhiteElo "2041"]
[BlackElo "1709"]

1.d4 d5 2.c4 c6 3.Nc3 Nf6 4.cxd5 cxd5 5.Bg5 Bf5 6.Qb3 Qb6 7.Qxb6 axb6 8.Bxf6
gxf6 9.Nxd5 Ra5 10.Nc3 Nc6 11.e4 Bg6 12.O-O-O Bh6+ 13.Kb1 O-O 14.Be2 f5 15.Bf3
Bg7 16.Nge2 fxe4 17.Bxe4 f5 18.Bc2 Rd8 19.Rhe1 e6 20.Nf4 Rxd4 21.Nxe6 Rxd1+
22.Rxd1 Bxc3 23.bxc3 Bf7 24.Re1 Ne7 25.Bb3 Nd5 26.Kb2 h6 27.Nd8 Rc5 28.Nxf7
Kxf7 29.Re5 Kf6 30.Rxd5 Rc6 31.Bc2 Re6 32.Rxf5+ Kg7 33.Rf4 h5 34.Re4 Rf6 35.f3
Rd6 36.Re7+ Kf6 37.Rxb7 Kg5 38.g3 1-0

[Event "Cto. Autonómico por Equipos 2007"]
[Site "Aragón"]
[Date "2007.02.03"]
[Round "2.60"]
[White "Dominguez Castillo Alejandro"]
[Black "Velamazan Gomez Angel"]
[Result "1-0"]
[WhiteElo "1794"]
[BlackElo "1987"]

1.d4 d6 2.Nf3 Nf6 3.c4 g6 4.Nc3 Bg7 5.e4 c6 6.Be2 O-O 7.O-O Qc7 8.h3 e5 9.d5
a5 10.Be3 Ne8 11.Bd3 f5 12.exf5 gxf5 13.Be2 Na6 14.Ne1 f4 15.Bc1 Nc5 16.Nd3
Nxd3 17.Bxd3 Bh6 18.Qf3 Qg7 19.Na4 c5 20.Nb6 Rb8 21.Bd2 Nf6 22.Nxc8 Rbxc8 23.
Bxa5 Ra8 24.Bc3 Qg5 25.a4 Rf7 26.b4 Re8 27.Rfe1 Bg7 28.Be4 Nxe4 29.Qxe4 f3 30.
g3 Rf4 31.Qe3 Qg6 32.bxc5 Rxc4 33.cxd6 Qxd6 34.Qd3 Rxc3 35.Qxc3 e4 36.Qd2 Bxa1
37.Rxa1 e3 38.Qd4 exf2+ 39.Kxf2 h5 40.Ra2 Re5 41.Rd2 1-0

[Event "Cto. Autonómico por Equipos 2007"]
[Site "Aragón"]
[Date "2007.02.03"]
[Round "2.59"]
[White "Ferrer Echavarri Francisco Javier"]
[Black "Bailo Remacha Santiago"]
[Result "1/2-1/2"]
[WhiteElo "2023"]
[BlackElo "2039"]

1.f4 d5 2.Nf3 c5 3.e3 a6 4.b3 Nc6 5.Bb2 e6 6.Be2 Nf6 7.d4 Ne4 8.O-O Be7 9.Nbd2
f5 10.c4 Bf6 11.cxd5 exd5 12.Nxe4 fxe4 13.Ne5 cxd4 14.Nxc6 bxc6 15.Bxd4 Bxd4
16.Qxd4 Qf6 17.Bh5+ Ke7 18.Qc5+ Qd6 19.Qd4 Rg8 20.Rac1 g6 21.Be2 Bd7 22.Rc5 a5
23.Rfc1 g5 24.f5 Qf6 25.Qa4 Qxf5 26.Rxa5 Rxa5 27.Qxa5 Qe5 28.Qc5+ Qd6 29.Qd4
Qf6 30.Qc5+ Qd6 31.Qd4 g4 32.b4 g3 33.h3 Rf8 34.Qg7+ Rf7 35.Qg5+ Kf8 36.Qd8+
Kg7 37.Bg4 Qh6 38.Qb6 Bxg4 39.Rxc6 Be2 40.Qd4+ Rf6 41.Qa7+ Kg6 42.Rxf6+ Kxf6
43.Qb6+ Kg5 44.Qd8+ Qf6 45.h4+ Kg6 46.Qg8+ Qg7 47.Qe6+ Kh5 48.Qf5+ Kxh4 49.
Qh3+ Kg5 50.Qxg3+ Bg4 51.Qf4+ Kh5 52.Qh2+ Kg6 53.Qd6+ Qf6 54.Qxd5 Bf5 55.Qg8+
Kh6 56.b5 Qa1+ 57.Kh2 Qe5+ 58.Kg1 Qxb5 59.Qf8+ Kh5 60.Qf7+ Bg6 61.g4+ Kxg4 62.
Qf4+ Kh5 63.Qh2+ Kg4 64.Qf4+ 1/2-1/2

[Event "Cto. Autonómico por Equipos 2007"]
[Site "Aragón"]
[Date "2007.02.03"]
[Round "2.61"]
[White "Martinez Catalin Francisco Javier"]
[Black "Peris Gerardo"]
[Result "1-0"]
[WhiteElo "2240"]
[BlackElo "1899"]

1.d4 Nf6 2.c4 g6 3.Nc3 Bg7 4.e4 O-O 5.Nf3 d6 6.Be2 Nbd7 7.O-O c5 8.d5 Re8 9.
Bf4 Nf8 10.h3 Bd7 11.Re1 e5 12.Be3 Nh5 13.Nd2 Nf4 14.Bf1 g5 15.Nb5 Bc8 16.Qa4
Re7 17.b4 b6 18.bxc5 bxc5 19.Kh2 g4 20.hxg4 Bxg4 21.g3 N8g6 22.f3 Bd7 23.Qa6
Bxb5 24.cxb5 Nh5 25.Bh3 Rc7 26.Nc4 Bf8 27.Rg1 Kh8 28.Qa5 Rb7 29.Qxd8 Rxd8 30.
a4 Ra8 31.Rgb1 Nf6 32.Na5 Rb6 33.Nc6 a6 34.Bf1 axb5 35.axb5 Rc8 36.Ra7 Kg7 37.
Bd2 1-0

[Event "Cto. Autonómico por Equipos 2007"]
[Site "Aragón"]
[Date "2007.02.03"]
[Round "2.62"]
[White "Aspas Aspas Mariano"]
[Black "Solano Lasierra Javier"]
[Result "0-1"]
[WhiteElo "2136"]
[BlackElo "1676"]

1.e4 e6 2.d3 d5 3.Nd2 Nf6 4.Ngf3 c5 5.g3 Nc6 6.Bg2 Qc7 7.O-O Be7 8.Re1 b6 9.e5
Nd7 10.Qe2 Ba6 11.h4 Rc8 12.Nf1 c4 13.d4 Nb4 14.Qd1 c3 15.b3 Bb5 16.Bf4 a5 17.
Ne3 Qb7 18.Bh3 h6 19.Bf1 Bxf1 20.Rxf1 Na6 21.a4 b5 22.Qc1 bxa4 23.bxa4 Qb2 24.
Rb1 Qxc1 25.Rfxc1 Bb4 26.Ne1 Ke7 27.Nd3 Rc6 28.Rb3 Ra8 29.g4 Nb6 30.Ra1 Nc4
31.Rbb1 Nd2 32.Nxb4 axb4 33.Rd1 Nb8 34.Kg2 Rca6 35.g5 h5 36.Nf1 Nc4 37.Ne3 Nb2
38.Rdb1 Rxa4 39.Rxa4 Rxa4 40.Nd1 Nxd1 41.Rxd1 Ra2 42.Rc1 Nc6 43.Kf3 Nxd4+ 44.
Ke3 Nxc2+ 45.Kf3 b3 0-1

[Event "Cto. Autonómico por Equipos 2007"]
[Site "Aragón"]
[Date "2007.02.03"]
[Round "2.63"]
[White "Pellicer Cemeli Jose Luis"]
[Black "Fondon Murillo Alvaro"]
[Result "1-0"]
[WhiteElo "2043"]
[BlackElo "1673"]

1.d4 d5 2.c4 c6 3.Nc3 Nf6 4.Bg5 e6 5.cxd5 cxd5 6.e3 Bb4 7.Bd3 Nc6 8.Ne2 h6 9.
Bh4 a5 10.O-O Qc7 11.Bg3 Qe7 12.Nb5 e5 13.Rc1 Bd6 14.Rxc6 bxc6 15.Nxd6+ Qxd6
16.dxe5 Qe6 17.Nd4 Qd7 18.exf6 gxf6 19.Nf5 Ba6 20.Nd6+ Ke7 21.Bxa6 Rxa6 22.Qh5
Qe6 23.Nf5+ Kd7 24.Ng7 Qe7 25.Qf5+ Kd8 26.Bh4 c5 27.Qxd5+ Kc7 28.Nf5 Qe6 29.
Qxc5+ Rc6 30.Qxa5+ Kb7 31.Nd4 Ra6 32.Qb4+ Rb6 33.Nxe6 Rxb4 34.Bxf6 Rc8 35.Nf4
Rb5 36.Bc3 Ra8 37.a3 Rd8 38.g3 h5 39.h4 Kc6 40.Kg2 Kb6 41.Kf3 Kc6 42.Ke2 Kb6
43.Rc1 Kb7 44.a4 Rc5 45.Rd1 Rxd1 46.Kxd1 Kc6 47.Ke2 Kc7 48.Kd3 Kc6 1-0

[Event "Cto. Autonómico por Equipos 2007"]
[Site "Aragón"]
[Date "2007.02.03"]
[Round "2.4"]
[White "Casanova Gabriel"]
[Black "Felez Casedas Carlos"]
[Result "0-1"]
[WhiteElo "1669"]
[BlackElo "2010"]

1.e4 c5 2.d3 e6 3.Nf3 d6 4.g3 Nf6 5.Bg2 Be7 6.O-O Nc6 7.Re1 e5 8.Nbd2 Rb8 9.c3
b5 10.a3 a5 11.Nf1 Bd7 12.h4 O-O 13.Ne3 Ng4 14.Nd5 f5 15.Nxe7+ Qxe7 16.Bg5 Qf7
17.Nh2 h6 18.Nxg4 hxg5 19.exf5 gxh4 20.Ne3 Ne7 21.g4 g6 22.Bh3 g5 23.Qf3 Bc6
24.Qe2 Nd5 25.Nxd5 Qxd5 26.Qe4 Kf7 27.Kh2 Kf6 28.Bg2 Qxe4 29.Bxe4 Be8 30.Bd5
Bf7 31.Bxf7 Rxf7 32.Re2 Rc7 33.Rd1 b4 34.axb4 cxb4 35.d4 bxc3 36.dxe5+ dxe5
37.Rd6+ Kf7 38.bxc3 Rb5 39.Rc2 Rbc5 40.Ra6 R7c6 41.Ra7+ Kf6 42.Ra8 Rc4 43.Rxa5
Rxg4 44.Re2 e4 45.Re3 Rf4 46.Ra8 Rxf2+ 47.Kh3 Rxf5 48.Rf8+ Ke5 49.Re8+ Re6 50.
Rxe6+ Kxe6 51.Rxe4+ Re5 52.Rc4 Kf5 53.Rc8 Re3+ 54.Kg2 Kg4 55.c4 Re2+ 56.Kg1
Kg3 57.Rf8 Re1+ 58.Rf1 Rxf1+ 59.Kxf1 Kf4 60.Ke2 Ke4 0-1

[Event "Cto. Autonómico por Equipos 2007"]
[Site "Aragón"]
[Date "2007.01.27"]
[Round "1.21"]
[White "Andres Terrado Miguel Angel"]
[Black "Colas Longares Rafael P"]
[Result "1/2-1/2"]
[WhiteElo "2124"]
[BlackElo "2346"]

1.e4 c5 2.Nf3 Nc6 3.Nc3 d6 4.d4 cxd4 5.Nxd4 Nf6 6.Be2 e5 7.Nb3 Be7 8.Be3 O-O
9.g4 Be6 10.g5 Ne8 11.Qd2 f5 12.gxf6 Nxf6 13.O-O-O a5 14.Kb1 a4 15.Nc1 a3 16.
b3 Rc8 17.Nd3 Nd4 18.Bxd4 exd4 19.Nb5 Nxe4 20.Qb4 Nxf2 21.Nxf2 Rxf2 22.Nxd4
Bd5 23.Rhf1 Rxf1 24.Bxf1 Bf6 25.Nb5 Bf7 26.Qxd6 Qxd6 27.Nxd6 Rd8 28.Be2 Be5
29.Nxf7 Rxd1+ 30.Bxd1 Kxf7 31.h3 Bc3 32.Kc1 Kf6 33.Bf3 b6 34.Kd1 Ke5 35.Bg4 b5
36.b4 Kf4 37.Ke2 Bxb4 38.Kf2 Bc3 39.Be6 Bd4+ 40.Kg2 Ke3 41.Bd7 b4 42.Be6 Bc3
43.Bf7 Be1 44.Be6 Bh4 45.Bf7 Bf6 46.Be6 Be5 47.Bf7 Bf4 48.Be6 Ke2 49.Bf7 Be3
50.Be6 Bf2 51.Bf7 Bh4 52.Be6 Be7 53.Bf7 Bd6 54.Be6 Be5 55.Bf7 Bb2 56.Be6 Be5
57.Bf7 Kd1 58.Bb3 Bc3 59.Ba4 Ke2 60.Bb3 Ke3 61.Be6 Kf4 62.Bf7 Kf5 63.Bc4 g5
64.Bd3+ Kf4 65.Bc4 Bd2 66.Bf7 Bc3 67.Bc4 Bb2 68.Bf7 Bc3 69.Bc4 1/2-1/2

[Event "Cto. Autonómico por Equipos 2007"]
[Site "Aragón"]
[Date "2007.01.27"]
[Round "1.22"]
[White "Trigo Conde Isaac"]
[Black "Jaques Burguete Raul"]
[Result "0-1"]
[WhiteElo "2250"]
[BlackElo "2124"]

1.d4 d5 2.c4 e6 3.Nf3 c6 4.Bg5 f6 5.Bf4 dxc4 6.e4 b5 7.Be2 Bb7 8.a4 a6 9.Nc3
Nd7 10.O-O Bb4 11.Na2 c5 12.Nxb4 cxb4 13.d5 e5 14.Bd2 b3 15.axb5 axb5 16.Rxa8
Bxa8 17.Qa1 Bb7 18.Qa7 Qb6 19.Ra1 Ne7 20.Be3 Qxa7 21.Rxa7 Bc8 22.Ra5 f5 23.
Rxb5 fxe4 24.Ng5 Ba6 25.Ra5 c3 26.Rxa6 cxb2 27.Ra8+ Nc8 28.Rxc8+ Ke7 29.d6+
Kxd6 30.Nxe4+ Ke7 31.Rc1 bxc1=Q+ 32.Bxc1 Ra8 33.Nd2 Nc5 34.Nxb3 Nxb3 35.Bg5+
Kd6 36.h4 Nd4 37.Bg4 Ra2 38.Be3 g6 39.h5 Nf5 40.Bb6 Rb2 41.hxg6 hxg6 42.Bd8
Nh6 43.Bf3 Nf7 44.Bh4 g5 45.Bg3 Nh6 46.Be4 Ng4 47.f3 Ne3 48.Bf2 Nd1 49.Ba7 Nc3
50.Bd3 g4 51.fxg4 e4 52.Bc4 Ke5 53.g5 Kf5 54.Be3 Nd1 55.g4+ Kg6 56.Bf4 Rb4 57.
Be6 e3 58.Bf5+ Kf7 59.g6+ Kf6 60.Bd6 Rd4 61.g7 e2 62.g8=Q e1=Q+ 63.Kh2 Rd2+
64.Kh3 Nf2+ 65.Kh4 Ne4+ 0-1

[Event "Cto. Autonómico por Equipos 2007"]
[Site "Aragón"]
[Date "2007.01.27"]
[Round "1.23"]
[White "Garcia Fernandez Javier"]
[Black "Garcia Vicente Nieves"]
[Result "1/2-1/2"]
[WhiteElo "2095"]
[BlackElo "2207"]

1.e4 e5 2.Nf3 Nc6 3.d4 exd4 4.Bc4 Nf6 5.Ng5 Ne5 6.Bb3 h6 7.f4 hxg5 8.fxe5 Nxe4
9.Bxf7+ Kxf7 10.Qf3+ Kg8 11.O-O Qe8 12.Qxe4 d6 13.Qxd4 dxe5 14.Qc3 Qg6 15.Qxc7
Bd6 16.Qd8+ Kh7 17.Qxg5 Bc5+ 18.Kh1 Qxg5 19.Bxg5 Kg6 20.h4 Bf5 21.Nd2 Rae8 22.
Rae1 Rh5 23.Rxf5 Kxf5 24.Ne4 Rxg5 25.Nxg5 e4 26.Re2 Kf4 27.Kh2 e3 28.Kh3 Re7
29.g3+ Kf5 30.Nf3 b5 31.Kg2 Bb6 32.Ne1 Ke4 33.Nf3 Rd7 34.Ng5+ Kf5 35.Kf3 Rd1
36.g4+ Ke5 37.Nh3 Rf1+ 38.Kg2 Rb1 39.c3 Ke4 40.g5 Kf5 41.Kg3 Rd1 42.Kf3 Rf1+
43.Kg2 Ra1 44.a3 Kg4 45.h5 Rd1 46.h6 gxh6 47.gxh6 Rd6 48.Ng1 Rxh6 49.Nf3 Kf4
50.Ne1 Ke4 51.Rc2 Bc7 52.Kf1 Rh1+ 53.Ke2 Bg3 54.Nf3 Bf4 55.c4 bxc4 56.Rxc4+
Kf5 57.Rc8 Rb1 58.Rf8+ Ke4 59.Re8+ Kd5 60.Rd8+ Kc5 61.Rc8+ Kd6 62.Rc2 Kd5 63.
Ne1 Be5 64.Nd3 Bd4 65.Rc8 Bb6 66.Rc2 Rh1 67.Rc1 Rh2+ 68.Kf3 Rd2 69.Nb4+ Kd6
70.Rc2 Bc5 71.Rxd2+ exd2 72.Ke2 Be3 73.Nc2 Bh6 74.Nd4 Kd5 75.Nb3 Kc4 76.Nxd2+
Kd4 77.Nb3+ 1/2-1/2

[Event "Cto. Autonómico por Equipos 2007"]
[Site "Aragón"]
[Date "2007.01.27"]
[Round "1.24"]
[White "Cabrera Moreno Daniel"]
[Black "Ainsa Ignacio"]
[Result "1-0"]
[WhiteElo "2170"]
[BlackElo "1950"]

1.d4 d5 2.c4 e6 3.g3 Nf6 4.Bg2 Be7 5.Nf3 O-O 6.O-O c5 7.dxc5 dxc4 8.Qc2 Qa5 9.
Qxc4 Qxc5 10.Nbd2 Nc6 11.Qxc5 Bxc5 12.Nc4 Nd5 13.Nfe5 Nxe5 14.Nxe5 f6 15.Nd3
Bd6 16.Rd1 f5 17.Bxd5 exd5 18.Bf4 Rd8 19.Rac1 Be6 20.Bxd6 Rxd6 21.Rc7 b6 22.
Ne5 a5 23.Nc4 Rdd8 24.Nxb6 Rab8 25.Na4 Rb4 26.b3 Re4 27.e3 f4 28.gxf4 Bh3 29.
Nc5 Rb4 30.f3 Rb6 31.Kf2 Rg6 32.Rg1 Rxg1 33.Kxg1 d4 34.exd4 Rxd4 35.Kf2 Rd2+
36.Kg3 Bf5 37.a4 Rd6 38.Ra7 Rg6+ 39.Kf2 Rh6 40.Rxa5 Rxh2+ 41.Kg3 Ra2 42.Ne4 g6
43.Ra7 Ra3 44.Rb7 h5 45.Kh4 Ra1 1-0

[Event "Cto. Autonómico por Equipos 2007"]
[Site "Aragón"]
[Date "2007.02.03"]
[Round "2.41"]
[White "Cantin Zaborras Valentin"]
[Black "Adla Diego Gustavo"]
[Result "0-1"]
[WhiteElo "2125"]
[BlackElo "2470"]

1.e4 c5 2.Nf3 e6 3.b3 a6 4.Bd3 Nc6 5.O-O d6 6.c3 Nf6 7.Bc2 d5 8.d3 d4 9.e5 Nd7
10.Re1 Be7 11.Bb2 O-O 12.cxd4 cxd4 13.Nxd4 Ndxe5 14.Nxc6 Nxc6 15.Nd2 b6 16.Ne4
Bb7 17.Rc1 Nd4 18.Bb1 f5 19.Rc4 Nb5 20.Ng3 Bd5 21.Nh5 Bxc4 22.dxc4 Qxd1 23.
Rxd1 Rfd8 24.Re1 Bb4 25.Rf1 Bc3 26.Bc1 Nd4 27.Nf4 g5 28.Nd3 Ne2+ 29.Kh1 Nxc1
30.Rxc1 Bd4 31.g3 a5 32.Kg2 Kf7 33.f4 h6 34.Rf1 g4 35.Rd1 Rd6 36.Kf1 h5 37.Bc2
Rad8 38.Ke2 Bc5 39.Ne1 Rxd1 40.Bxd1 Bg1 0-1

[Event "Cto. Autonómico por Equipos 2007"]
[Site "Aragón"]
[Date "2007.02.03"]
[Round "2.2"]
[White "Villuendas Valero Adrian"]
[Black "Valiente Roy Jose Javier"]
[Result "1-0"]
[WhiteElo "2224"]
[BlackElo "2079"]

1.d4 d5 2.c4 e6 3.Nc3 c5 4.cxd5 exd5 5.Nf3 Nc6 6.g3 Nf6 7.Bg2 Be7 8.O-O O-O 9.
dxc5 d4 10.Na4 Bf5 11.Bf4 Be4 12.a3 b5 13.cxb6 axb6 14.b4 b5 15.Nc5 Bxc5 16.
bxc5 Qd5 17.Bd6 Rfe8 18.Ne1 Bxg2 19.Nxg2 Ne4 20.Nf4 Qc4 21.Qd3 Nc3 22.Qxc4
bxc4 23.e3 dxe3 24.fxe3 Rxe3 25.Kf2 Ree8 26.Rfc1 Ne4+ 27.Kg2 Nd2 28.Ra2 Ne4
29.Rxc4 g5 30.Nd5 Nxd6 31.cxd6 Ne5 32.Re4 Nd7 33.Re7 Rxe7 34.dxe7 f6 35.Nc7
1-0

[Event "Cto. Autonómico por Equipos 2007"]
[Site "Aragón"]
[Date "2007.02.03"]
[Round "2.43"]
[White "Gutierrez Barrachina Jose A"]
[Black "Cortes Lizano Jesus"]
[Result "0-1"]
[WhiteElo "1983"]
[BlackElo "2154"]

1.e4 c5 2.c3 d5 3.exd5 Qxd5 4.d4 Nf6 5.Nf3 cxd4 6.cxd4 e6 7.Nc3 Qd6 8.Bd3 Be7
9.O-O Nc6 10.a3 O-O 11.Nb5 Qd8 12.Re1 a6 13.Nc3 b6 14.Bc2 Bb7 15.Qd3 Qc7 16.
Bg5 g6 17.Rac1 Rfd8 18.Bb3 Qd7 19.Rcd1 b5 20.Qe2 Na5 21.Ne5 Qd6 22.Ba2 Nd5 23.
Ne4 Qc7 24.Rc1 Nc4 25.Bxc4 bxc4 26.Rxc4 Qb6 27.Bxe7 Nxe7 28.Nc5 Bd5 29.Rb4 Qa7
30.h4 Nf5 31.h5 a5 32.Rb5 Nxd4 33.Qd3 Nxb5 34.Qxb5 Rab8 35.Qd3 Qxc5 36.hxg6
hxg6 37.Re3 Rb3 0-1

[Event "Cto. Autonómico por Equipos 2007"]
[Site "Aragón"]
[Date "2007.02.03"]
[Round "2.44"]
[White "Lafarga Bueno Daniel"]
[Black "Lopez Capape Armando"]
[Result "0-1"]
[WhiteElo "1829"]
[BlackElo "1900"]

1.c4 Nf6 2.Nc3 e5 3.g3 d5 4.cxd5 Nxd5 5.Bg2 Nb6 6.Nf3 Nc6 7.O-O Be7 8.d3 O-O
9.Bd2 Be6 10.Rc1 Qd7 11.Ne4 f6 12.a3 a5 13.Be3 Nd4 14.Nxd4 exd4 15.Bf4 c6 16.
Nc5 Bxc5 17.Rxc5 a4 18.Bd2 Bb3 19.Qe1 Qe6 20.e3 Nd7 21.Rc1 dxe3 22.fxe3 Ne5
23.Qe2 Rad8 24.Rc3 Nxd3 25.Bc1 Ne5 26.Qh5 Bd5 27.Bh3 Qe8 28.Qf5 Rd6 29.Qf4 Be6
30.Bg2 Qd7 31.Qxa4 Rd8 32.Qf4 Rd1 33.Rxd1 Qxd1+ 34.Qf1 Qg4 35.Qf4 Rd1+ 36.Kf2
Qxf4+ 37.exf4 Nd3+ 38.Ke2 Bg4+ 0-1

[Event "Cto. Autonómico por Equipos 2007"]
[Site "Aragón"]
[Date "2007.02.03"]
[Round "2.33"]
[White "Hefty Hilardo Jorge Walter"]
[Black "Andres Terrado Miguel Angel"]
[Result "1-0"]
[WhiteElo "2337"]
[BlackElo "2124"]

1.d4 Nf6 2.c4 g6 3.Nc3 Bg7 4.e4 d6 5.Be2 O-O 6.Nf3 e5 7.O-O Nc6 8.d5 Ne7 9.b4
Ne8 10.c5 f5 11.Ng5 Nf6 12.f3 h6 13.Ne6 Bxe6 14.dxe6 d5 15.exd5 Nfxd5 16.Nxd5
Qxd5 17.Qxd5 Nxd5 18.Bc4 c6 19.Rd1 e4 20.Rb1 Rae8 21.fxe4 fxe4 22.Bxd5 cxd5
23.Rxd5 Rxe6 24.Be3 g5 25.b5 Be5 26.g3 Rf3 27.Re1 Kg7 28.Rxe5 Rxe3 29.Rxg5+
hxg5 30.Rxe3 Kf6 31.Rc3 Ke5 32.c6 bxc6 33.bxc6 Re8 34.c7 Rc8 35.Kf2 Kd4 36.Rc1
Kd3 37.Rd1+ Kc2 38.Rd7 Kb2 39.Ke3 Kxa2 40.Kxe4 a5 41.Kd5 1-0

[Event "Cto. Autonómico por Equipos 2007"]
[Site "Aragón"]
[Date "2007.02.03"]
[Round "2.34"]
[White "Jaques Burguete Raul"]
[Black "Aparicio Navarro Pedro Jose"]
[Result "1/2-1/2"]
[WhiteElo "2124"]
[BlackElo "2205"]

1.e4 c6 2.d4 d5 3.exd5 cxd5 4.Nf3 Nf6 5.Bf4 Nc6 6.Bb5 Qb6 7.c4 Bg4 8.Nc3 dxc4
9.d5 O-O-O 10.Bxc4 e6 11.O-O Qb4 12.Qb3 exd5 13.Qxb4 Bxb4 14.Bd3 Nh5 15.Bg5 f6
16.Bh4 g5 17.Bg3 Nxg3 18.fxg3 Ne5 19.Nxe5 fxe5 20.Bf5+ Bxf5 21.Rxf5 Rhe8 22.
Rxg5 d4 23.Ne4 d3 24.Kf2 Ba5 25.Rc1+ Kb8 26.Rg7 Bb6+ 27.Ke1 Rd4 28.Nd2 e4 29.
Nc4 d2+ 30.Nxd2 Ba5 31.b4 Bxb4 32.Rcc7 Bxd2+ 33.Ke2 Rb4 34.Kxd2 e3+ 35.Ke1
Rb1+ 36.Ke2 Rb2+ 37.Ke1 e2 38.Rce7 Rxe7 39.Rxe7 Rxa2 40.Rxh7 b5 41.Re7 b4 42.
Rxe2 b3 43.Re3 b2 44.Rb3+ Kc7 45.Kd1 a5 46.Kc2 b1=Q+ 47.Kxb1 Rxg2 48.Rc3+ Kd6
49.Rc2 Rg1+ 50.Kb2 Ke5 51.Kb3 Ke4 52.Ra2 Rh1 53.Ka4 Kf3 54.Kxa5 Rb1 55.Ra3+
Kg4 56.h4 Rb8 57.Ka4 Rb7 58.Rb3 Rc7 59.Kb4 Rc8 60.Rc3 Rd8 61.Kc4 Rd7 62.Rd3
Re7 63.Kd5 Rd7+ 64.Ke4 Re7+ 65.Kd4 Re8 66.Re3 Rd8+ 67.Kc5 Rd1 68.Kc4 Rd8 69.
Rd3 Rc8+ 70.Kd4 Re8 71.Ra3 Re7 72.Kd5 Re8 73.Kd6 Re1 74.Rd3 Re2 75.Kd5 Re8 76.
Kd4 Re7 77.Re3 Rd7+ 78.Ke4 Re7+ 79.Kd3 Rd7+ 80.Ke2 Rf7 81.Ra3 Rf8 82.h5 Kxh5
83.Ra4 Kg5 84.Ke3 Rb8 85.Kf3 Rb3+ 86.Kg2 Rb2+ 87.Kh3 Rb5 88.Rg4+ Kh5 89.Rg8
Rb3 90.Rd8 Rb5 91.g4+ Kg6 92.Kh4 Rb6 93.Rg8+ Kh6 94.Re8 Kg6 95.Re5 Ra6 96.Kg3
Ra3+ 97.Kh4 Ra6 1/2-1/2

[Event "Cto. Autonómico por Equipos 2007"]
[Site "Aragón"]
[Date "2007.02.03"]
[Round "2.35"]
[White "Munoz Munoz Juan Carlos"]
[Black "Navarro Alonso Jorge Luis"]
[Result "1-0"]
[WhiteElo "2149"]
[BlackElo "2113"]

1.e4 c5 2.d3 Nc6 3.g3 d5 4.Nd2 Nf6 5.Bg2 g6 6.Ngf3 Bg7 7.O-O O-O 8.c3 e5 9.Qc2
d4 10.Nc4 Ne8 11.Re1 b5 12.Ncd2 Nd6 13.cxd4 Nb4 14.Qb3 exd4 15.e5 Be6 16.Qd1
Nf5 17.Ne4 c4 18.Bg5 Qb6 19.g4 Nxd3 20.gxf5 Bxf5 21.Nf6+ Kh8 22.Nh4 Be6 23.
Bxa8 Rxa8 24.Qf3 Rc8 25.Re2 Qc5 26.Ng4 h5 27.Nh6 Nxe5 28.Qf4 Nd3 29.Qg3 Qf8
30.Rxe6 Bxh6 31.Rxg6 1-0

[Event "Cto. Autonómico por Equipos 2007"]
[Site "Aragón"]
[Date "2007.02.03"]
[Round "2.36"]
[White "Garcia Fernandez Javier"]
[Black "Fernando Gros Jorge Luis"]
[Result "1-0"]
[WhiteElo "2095"]
[BlackElo "2084"]

1.e4 c5 2.Nf3 Nc6 3.Nc3 Nf6 4.d4 cxd4 5.Nxd4 d6 6.Bg5 e6 7.Qd2 Be7 8.O-O-O O-O
9.f4 Nxd4 10.Qxd4 Qa5 11.Be2 Bd7 12.e5 dxe5 13.fxe5 Bc6 14.Bd3 Nd5 15.Bxe7
Nxe7 16.Rhe1 Ng6 17.h4 Rfd8 18.Qe3 Qb4 19.g3 Qg4 20.Rf1 Rd7 21.Bxg6 Rxd1+ 22.
Rxd1 hxg6 23.Rd4 Qf3 24.Qg5 Qf2 25.Rd3 Rc8 26.Nd1 Qe2 27.Qe3 Qg2 28.Rd2 Qe4
29.Qxe4 Bxe4 30.Nf2 Bd5 31.b3 Kf8 32.Rd4 Ke7 33.Kd2 f6 34.Nd3 a6 35.a3 Rc7 36.
c4 Bc6 37.b4 Rd7 38.Ke3 Kf7 39.Rxd7+ Bxd7 40.Kd4 Bc6 41.Nb2 f5 42.Nd3 Bd7 43.
Kc5 g5 44.Kd6 Bc6 45.hxg5 Kg6 46.Nf4+ Kxg5 47.Nxe6+ Kg6 48.Ke7 Be4 49.Nf4+ Kh6
50.Kf7 g5 51.Nh3 Bg2 52.Ng1 Bf1 53.c5 f4 54.gxf4 gxf4 55.e6 Bc4 56.Kf6 Kh5 57.
Nf3 Bb5 58.Kf5 Bc4 59.e7 Bb5 60.Kxf4 Kg6 61.Ke5 Kf7 62.Kd6 Ke8 63.Nd4 1-0

[Event "Cto. Autonómico por Equipos 2007"]
[Site "Aragón"]
[Date "2007.02.03"]
[Round "2.58"]
[White "Lopez Guaita Fernando"]
[Black "Van Ojik Mark"]
[Result "0-1"]
[WhiteElo "2066"]
[BlackElo "2186"]

1.e4 e5 2.Nf3 Nc6 3.Bb5 a6 4.Ba4 Nf6 5.O-O b5 6.Bb3 Be7 7.Re1 d6 8.c3 O-O 9.a4
Bg4 10.d3 Qd7 11.Nbd2 Rfe8 12.Nf1 h6 13.Ng3 Bf8 14.h3 Be6 15.Bc2 d5 16.d4 exd4
17.e5 Ne4 18.Nxe4 dxe4 19.Bxe4 Rad8 20.axb5 axb5 21.cxd4 Nxd4 22.Qxd4 Qxd4 23.
Nxd4 Rxd4 24.Bc6 Bd7 25.Be3 Rd3 26.Be4 Rb3 27.Bd4 Rb4 28.Bc3 Rc4 29.Bd3 Ra4
30.Rad1 c5 31.Bh7+ Kxh7 32.Rxd7 Kg8 33.Bd2 Rc4 34.f4 Rc2 35.Bc1 c4 36.Rd2 Bc5+
37.Kf1 Rxd2 38.Bxd2 Rd8 39.Re2 Rd4 40.g3 Rd3 41.Kg2 Rb3 42.Be1 Bd4 43.Bc3 Bxc3
44.bxc3 Rxc3 45.f5 b4 46.e6 fxe6 47.fxe6 Kf8 48.Kf2 Ke7 49.h4 b3 50.Ke1 Rc1+
0-1

[Event "Cto. Autonómico por Equipos 2007"]
[Site "Aragón"]
[Date "2007.02.03"]
[Round "2.57"]
[White "Gavin Roche Enrique"]
[Black "Bayod Rubia Angel"]
[Result "1-0"]
[WhiteElo "2261"]
[BlackElo "2080"]

1.d4 Nf6 2.c4 g6 3.Nc3 d5 4.Nf3 Bg7 5.Bg5 O-O 6.Bxf6 Bxf6 7.Nxd5 Bg7 8.e3 c5
9.Qd2 cxd4 10.Nxd4 e6 11.Nc3 Nd7 12.Be2 e5 13.Ndb5 Qg5 14.O-O Nc5 15.Qd5 Na6
16.Rfd1 Nb4 17.Qd2 Bh3 18.Bf3 f5 19.e4 f4 20.Kh1 Bc8 21.Qd6 Nc6 22.Nc7 Rd8 23.
Ne6 Rxd6 24.Nxg5 Nd4 25.Be2 Rc6 26.Rac1 h6 27.Nf3 Be6 28.Nxd4 exd4 29.Nd5 Bxd5
30.exd5 Rd6 31.c5 Rdd8 32.b4 Kf8 33.c6 bxc6 34.dxc6 Re8 35.Ba6 Rac8 36.Bxc8
Rxc8 37.c7 Ke7 38.Rc6 g5 39.b5 Kd7 40.Rdc1 Be5 41.R1c5 Bxc7 42.Rd5+ 1-0

[Event "Cto. Autonómico por Equipos 2007"]
[Site "Aragón"]
[Date "2007.02.03"]
[Round "2.21"]
[White "Ramiro Ovejero Juan Luis"]
[Black "Cebrian Valverde Jose Antonio"]
[Result "1-0"]
[WhiteElo "2299"]
[BlackElo "2205"]

1.e4 e6 2.d4 d5 3.Nd2 c5 4.Ngf3 cxd4 5.Nxd4 Nc6 6.Bb5 Bd7 7.Nxc6 Bxc6 8.Bxc6+
bxc6 9.c4 Nf6 10.Qa4 Qd7 11.e5 Ng4 12.Nf3 Rb8 13.a3 h5 14.O-O f6 15.exf6 gxf6
16.h3 Bd6 17.c5 Bxc5 18.hxg4 hxg4 19.Qxg4 Kf7 20.Bg5 Rbg8 21.Qf4 Qe7 22.Bxf6
Bd6 23.Ne5+ Bxe5 24.Bxe5+ Kg6 25.Bxh8 Rxh8 26.Rfe1 1-0

[Event "Cto. Autonómico por Equipos 2007"]
[Site "Aragón"]
[Date "2007.02.03"]
[Round "2.22"]
[White "Gimeno Oteo Marco Antonio"]
[Black "Cerrajeria Ruiz Jesus Maria"]
[Result "0-1"]
[WhiteElo "2156"]
[BlackElo "2207"]

1.e4 c5 2.Nf3 g6 3.d4 Bg7 4.Nc3 cxd4 5.Nxd4 Nc6 6.Be3 Nf6 7.Be2 O-O 8.Nb3 d6
9.O-O Qd7 10.f4 Ng4 11.Bxg4 Qxg4 12.Qxg4 Bxg4 13.f5 Nb4 14.Rac1 Bxc3 15.bxc3
Nxa2 16.Rce1 gxf5 17.exf5 e6 18.Nd4 e5 19.Nb5 a6 20.Nc7 Rac8 21.Nd5 f6 22.h3
Bh5 23.g4 Bf7 24.Nxf6+ Kh8 25.Ne4 Rc6 26.Bd2 Bd5 27.Ng3 Nxc3 28.f6 Nb5 29.Bh6
Rxc2 30.Bg7+ Kg8 31.Rf2 Rxf2 32.Kxf2 Rc8 33.Nf5 Rc2+ 34.Kg3 Rg2+ 35.Kh4 Kf7
36.Rc1 Be6 37.Nh6+ Kg6 38.Rf1 Nd4 39.Bf8 e4 0-1

[Event "Cto. Autonómico por Equipos 2007"]
[Site "Aragón"]
[Date "2007.02.03"]
[Round "2.23"]
[White "Lana Rodriguez David"]
[Black "Gutierrez Minguenza Ruben"]
[Result "1-0"]
[WhiteElo "2123"]
[BlackElo "2080"]

1.e4 d5 2.exd5 Qxd5 3.Nc3 Qa5 4.Bc4 Nf6 5.Nf3 Bg4 6.h3 Bh5 7.d3 c6 8.Bd2 Qc7
9.g4 Bg6 10.Qe2 e6 11.O-O-O Bd6 12.h4 h5 13.g5 Ng8 14.Nd4 e5 15.f4 Ne7 16.fxe5
Bxe5 17.Ndb5 cxb5 18.Nxb5 Bxb2+ 19.Kxb2 Qd7 20.Qe5 O-O 21.Bc3 Nf5 22.Nd4 Re8
23.Qf4 Nc6 24.Nxf5 Qxf5 25.Rdf1 Qxf4 26.Rxf4 Re7 27.Rhf1 Rae8 28.Bd5 Nd8 29.
Bb4 Rd7 30.Bb3 Nc6 31.Bc3 Re2 32.R1f2 Rxf2 33.Rxf2 Nd4 34.Ba4 Rd8 35.Rf4 Ne2
36.Rc4 Nxc3 37.Kxc3 Bf5 38.Bb3 Rd7 39.Rc5 g6 40.Rd5 Rc7+ 41.Kd4 Kg7 42.Rd8 Re7
43.Kc5 Rc7+ 44.Kd6 Rc6+ 45.Ke5 Rc5+ 46.Rd5 Rc7 47.Ba4 Re7+ 48.Kd6 Re2 49.Bb3
Re6+ 50.Kc7 Rb6 51.Kb8 Be6 52.Rd4 Bxb3 53.axb3 a6 54.Rd7 Rc6 55.Kxb7 Rxc2 56.
Kxa6 Rh2 57.Rd4 f6 58.b4 Ra2+ 59.Kb6 fxg5 60.hxg5 Rg2 61.Kc6 Rxg5 62.b5 Rg1
63.b6 Rb1 64.Rh4 Rc1+ 65.Kb5 Rd1 66.b7 g5 67.Rb4 1-0